|
|
|
|
| LEADER |
00000nam a2200000 a 4500 |
| 001 |
vtls011702898 |
| 003 |
SK-MaSNL |
| 005 |
20260301094220.0 |
| 008 |
251112s1537 gw 000 0 ger |
| 015 |
|
|
|a SNBHFA1537
|
| 035 |
|
|
|a urn:nbn:sk:snk-am00cs54
|
| 035 |
|
|
|a 2D216275-4DD8-4340-907E-5942C66E19D8
|
| 035 |
|
|
|a urn:nbn:sk:snk-am3haq2
|
| 040 |
|
|
|a SNKHF
|b slo
|c SNK
|e AACR2
|
| 041 |
0 |
|
|a ger
|
| 044 |
|
|
|a gw
|c DE
|
| 072 |
|
7 |
|a 2-1
|x Prirodzená teológia. Náboženská filozofia
|2 konspekt
|
| 080 |
|
|
|a 2‑12
|2 2011
|
| 080 |
|
|
|a 2‑21
|2 2011
|
| 080 |
|
|
|a 27‑1
|2 2011
|
| 100 |
1 |
|
|a Luther, Martin,
|d 1483-1546
|4 aut
|9 106834
|
| 245 |
1 |
0 |
|a Zwo Schỏne trỏstliche Predig zu Smalkalden gethan
|c durch D. Mar. Lut
|
| 260 |
|
|
|a [Nürnberg]
|b [Johann Petreius]
|c M. D. XXXVII. [=1537]
|
| 300 |
|
|
|a a4 - d4 [=16] listov
|c 4°
|
| 500 |
|
|
|a Iniciálky s figurálnym pozadím v rámčeku na 4 riadky
|
| 501 |
|
|
|a Príväzok 4. k: LUTHER, Martin. Von den Schlüsseln. Wittemberg : Hans Lufft, 1530.
|5 SNK IC 143175
|
| 504 |
|
|
|a Kustody
|
| 510 |
4 |
|
|a VD 16 L/7586
|
| 546 |
|
|
|a Nemčina
|b Fraktúra
|
| 550 |
|
|
|a Impressum doplnené z VD 16
|
| 562 |
|
|
|a Rukopisné marginálie v nemčine.
|5 SNK IC 143175/prív.4
|
| 650 |
0 |
7 |
|a teológia
|2 SNKPH
|9 1814
|
| 650 |
0 |
7 |
|a kresťanská teológia
|2 SNKPH
|9 1804
|
| 650 |
0 |
7 |
|a evanjelická teológia
|2 SNKPH
|9 4016
|
| 700 |
1 |
|
|a Petreius, Johann,
|d 1497-1550
|4 prt
|9 172674
|
| 710 |
2 |
|
|a Františkáni (Kremnica, Slovensko)
|4 fmo
|9 162717
|
| 710 |
0 |
|
|a Petreius, Johann (Norimberg, Nemecko),
|d 1523-1550
|4 prt
|9 172675
|
| 752 |
|
|
|a Nemecko
|d Norimberg
|
| 852 |
|
|
|a snk
|b Františkáni Kremnica
|p IC 143175/prív.4
|
| 958 |
|
|
|a ONDV
|
| 999 |
|
|
|c 679626
|d 681556
|
| 952 |
|
|
|t Fr Kr 1340
|a SNK
|b SNK
|c SNK_HF
|y PREZ
|7 0
|p 17A1130168
|o snkIC 143175/prív.4
|i snk2017/16463
|8 5
|z 4. príväzok
|0 0
|1 0
|4 0
|d 2017-07-17
|f 1
|l 0
|r 2026-02-23 19:53:14
|w 2026-02-23
|